| 000 | 00000nas 2200000zi 4500 |
| 001 | 9.880291 |
| 003 | CaOODSP |
| 005 | 20221107165735 |
| 006 | m go d f |
| 007 | cr ||||||||||| |
| 008 | 191007d19932002oncar p o f0 a0eng|d |
| 022 | |a1493-7492 |
| 040 | |aCaOODSP|beng|erda|cCaOODSP |
| 041 | |aeng|afre |
| 043 | |an-cn--- |
| 086 | 1 |aE78-1/1-PDF |
| 130 | 0 |aExport of military goods from Canada, annual report (Online) |
| 210 | 0 |aExport mil. goods Can. annu. rep. |
| 222 | 0|aExport of military goods from Canada, annual report |
| 245 | 00|aExport of military goods from Canada, … annual report. |
| 246 | 15|aExportations de marchandises militaires du Canada, rapport annuel |
| 264 | 1|a[Ottawa] : |bDepartment of Foreign Affairs and International Trade = Ministère des affaires étrangères et du commerce international, |c1994-2003. |
| 310 | |aAnnual |
| 336 | |atext|btxt|2rdacontent |
| 337 | |acomputer|bc|2rdamedia |
| 338 | |aonline resource|bcr|2carrier |
| 362 | 1 |aBegan with 1993; ceased with 2002. |
| 550 | |aIssued by Export Controls Division, Export and Import Controls Bureau. |
| 588 | |aDescription based on: 1993. |
| 588 | |aLatest issue consulted: 2002. |
| 692 | 07|2gccst|aArms control |
| 692 | 07|2gccst|aExports |
| 692 | 07|2gccst|aInternational cooperation |
| 692 | 07|2gccst|aInternational security |
| 692 | 07|2gccst|aPolicy |
| 692 | 07|2gccst|aWeapons |
| 710 | 1 |aCanada. |bExport Controls Division. |
| 710 | 1 |aCanada. |bExport and Import Controls Bureau. |
| 780 | 00|t... annual report, export of military goods from Canada.|w(CaOODSP)9.904754 |
| 785 | 00|tReport on export of military goods from Canada. |w(CaOODSP)9.504691 |
| 792 | |tExport of military goods from Canada, … annual report. |efre|w(CaOODSP)9.880282 |